000 00820nam a2200253Ia 4500
003 OSt
005 20220923214317.0
006 a|||||r|||| 00| 0
007 ta
008 220922b |||||||| |||| 00| 0 hin d
024 _a168,653
037 _cTextual
040 _aARTS
_cARTS
_bhin
041 _2hin
_ahin
082 _aO152,1I83:g, K3
100 _aशर्मा, रामधन
_9156290
245 0 _aकूटकाव्य
_b एक अध्ययन
246 _aKūṭakāvya: ek adhyayana
260 _aदिल्ली
_b नेशनल पब्लि हाउस
_c1963
300 _a342 पृ.
_ccm.
650 _aहिन्दी साहित्य
_9156264
942 _hO152,1I83:g, K3
_cTEXL
_2CC
999 _c323120
_d323120